“驴肉”地点数量≥300的地级行政区 Prefectures with ≥300 donkey meat sites - Statistics

General Stats
  • This quiz has been taken 54 times
  • The average score is 12 of 16
Answer Stats
地级行政区 数量 % Correct
保定 1674
98%
北京 1209
98%
天津 1004
98%
石家庄 989
98%
邯郸 454
93%
沧州 698
91%
邢台 355
85%
济南 420
83%
唐山 438
78%
青岛 496
72%
郑州 396
70%
廊坊 614
63%
临沂 334
54%
潍坊 513
48%
菏泽 366
46%
滨州 325
33%
No matching quizzes found
Score Distribution
Percent of People with Each Score
Percentile by Number Answered
Your Score History
You have not taken this quiz